Nigerian journal of renewable energy (Record no. 38558)

MARC details
000 -LEADER
fixed length control field 00521nam a2200169Ia 4500
022 ## - INTERNATIONAL STANDARD SERIAL NUMBER
ISSN 11150610
050 ## - CALL MARK
Classification number TJ 807 .N54/
245 #0 - TITLE STATEMENT
Title Nigerian journal of renewable energy
260 ## - PUBLICATION, DISTRIBUTION, ETC. (IMPRINT)
Place of publication Sokoto
260 ## - PUBLICATION, DISTRIBUTION, ETC. (IMPRINT)
Name of publisher Sokoto Energy Research Centre, Usmanu Danfodiyo University
260 ## - PUBLICATION, DISTRIBUTION, ETC. (IMPRINT)
Year of publication 2005
300 ## - PHYSICAL DESCRIPTION
Number of Pages v. : ill. ; 28 cm.
650 ## - SUBJECT ADDED ENTRY--TOPICAL TERM
Topical Term Renewable energy sources--Periodicals. Renewable energy sources--Nigeria--Periodicals.
942 ## - ADDED ENTRY ELEMENTS (KOHA)
Koha item type Serials

No items available.